000 00531nam a22001937a 4500
003 CEME
005 20210628202641.0
008 210128b xxu||||| |||| 00| 0 eng d
020 _a81-7808-462-7
040 _c.
082 _a005.758 COU
100 _aCoulouris, George,Dollimore, Jean,Kindberg, Tim
_960911
245 _aDistributed systems concepts and design
250 _a3RD
260 _aINDIA
_bPEARSON EDUCATION ASIA
_c2002
300 _aXIII,772P
650 _aDISTRIBUTED SYSTEMS DESIGN
_960912
942 _cBK
_2ddc
999 _c570514
_d570514